000 00984cam a2200301 a 4500
001 000016034
005 20260114121206.0
008 020320s1999 ve 000 0 spa
010 _a2002417524
020 _a8495776197
035 _a(OCoLC)49382598
035 _a(WaOLN)M090000208
035 _a(CStRLIN)NYPGR49382598-B
040 _aDO-SdBNP
_c*PL#*
_d*I5B*
_dOCLCQ
_dNN
_dOCoLC
_dCStRLIN
_dDLC
042 _alccopycat
082 _a172.2
_bS266e
100 1 _aSavater, Fernando.
_d1947-
_920728
245 1 0 _aÉtica y ciudadania /
_cFernando Savater.
260 _aCaracas :
_bMonte Ávila Editores Latinoamericanos:
_bContraloría General de la República;,
_c1999.
300 _aviii, 303p. ;
_c19 cm.
490 1 _a30 Aniversario
_vv.11
504 _aIncluye listado de obras de la colección
650 0 _aÉtica política
_91332
650 0 _aEducación cívica
_91206
830 0 _a30 Aniversario
_vv.11
_935991
910 _aCatalogación derivada
049 _aBNGR
999 _c15576
_d15576